Way of the hunter Tikamoon Plains Animals - Statistics

General Stats
  • This quiz has been taken 5 times
  • The average score is 9 of 12
Answer Stats
Tier Primary Habitat Secondary Habitat Latin Name Animal name % Correct
6 Savanna Highlands Panthera leo Lion
100%
5 Grasslands and forests Connochaetes gnou Black Wildebeest
75%
6 Savanna Connochaetes taurinus Blue Wildebeest
75%
6 Highlands, Savanna Grasslands and forests Syncerus caffer Cape Buffalo
75%
1 Grasslands and forests,Savanna Alopochen aegyptica Egyptian Goose
75%
6 Arid savanna and desert Highlands, Savanna Oryx gazella Gemsbok
75%
1 Grasslands and forests,Savanna Numida meleagris Helmeted Guineafowl
75%
3 Arid savanna and desert, Highlands Mellivora capensis Honey Badger
75%
5 Highlands Savanna Crocuta crocuta Spotted Hyena
75%
5 Grasslands and forests Savanna Phacochoerus africanus Common Warthog
50%
6 Grasslands and forests,Savanna Highlands Tragelaphus strepsiceros Greater Kudu
50%
4 Arid savanna and desert Grasslands and forests Antidorcas marsupialis hofmeyri Springbok
50%
No matching quizzes found
Score Distribution
Percent of People with Each Score
Percentile by Number Answered
Your Score History
You have not taken this quiz